000 00419nam a2200181Ia 4500
005 20250423101359.0
008 250422s9999 xx 000 0 und d
020 _a0-399-15175-3
050 _aUA23.B337125/
100 _aThomas P.M Barnett
245 4 _aThe pentagon's new map
260 _aNew York
260 _bBerkley Books
260 _c2004
300 _a435 p
650 _aWorld Politics
942 _cBK
999 _c36142
_d36142